Loading...
| Pop Culture | 1 | 1 | 0 | 0 | 25 | 63 | 104.50 | 2 | 2 | 0.00 | 0.00 |
| Mythology | 0 | 3 | 1 | 0 | 25 | 90 | 117.67 | 1 | 3 | 0.00 | 0.00 |
| Science - Physics | 0 | 2 | 0 | 1 | 20 | 97 | 114.50 | 0 | 2 | 0.00 | 0.00 |
| Social Science | 0 | 2 | 1 | 1 | 15 | 122 | 122.00 | 1 | 2 | 0.00 | 0.00 |
| History - American | 0 | 2 | 1 | 0 | 15 | 96 | 102.50 | 0 | 2 | 0.00 | 0.00 |
| Fine Arts - Auditory | 1 | 0 | 0 | 0 | 15 | 44 | 44.00 | 0 | 1 | 0.00 | 0.00 |
| Literature - European | 0 | 1 | 0 | 0 | 10 | 142 | 142.00 | 0 | 1 | 0.00 | 0.00 |
| History - Other | 0 | 1 | 0 | 0 | 10 | 111 | 111.00 | 0 | 1 | 0.00 | 0.00 |
| Science - Biology | 0 | 1 | 0 | 0 | 10 | 91 | 91.00 | 0 | 1 | 0.00 | 0.00 |
| Literature - World | 0 | 1 | 0 | 0 | 10 | 137 | 137.00 | 0 | 1 | 0.00 | 0.00 |
| Science - Chemistry | 0 | 0 | 0 | 0 | 0 | 0.00 | 0 | 0 | 0.00 | 0.00 | |
| History - European | 0 | 0 | 1 | 0 | -5 | 0.00 | 0 | 0 | 0.00 | 0.00 |